Alle Städte von Hessen auf einer Karte - Statistiken

Allgemein
  • Dieses Quiz wurde 45 mal gespielt
  • Das Durchschnittsergebnis liegt bei 67 aus 191
Antworten auf der Karte
Die Antworten werden auf der Karte rot bzw. grün angezeigt, abhängig davon wie oft sie richtig erraten wurden.
 
Antwortstatistiken
Landkreis Stadt Einw % Korrekt
KREISFREI Kassel 197.230
100%
KREISFREI Darmstadt 167.029
97%
KREISFREI Frankfurt am Main 756.021
97%
KREISFREI Offenbach am Main 132.746
97%
Fulda Fulda 65.434
95%
Gießen Gießen 89.179
95%
KREISFREI Wiesbaden 288.850
95%
Marburg-Biedenkopf Marburg 73.544
87%
Groß-Gerau Groß-Gerau 25.388
85%
KREISFREI Hanau 97.956
85%
Limburg-Weilburg Limburg an der Lahn 35.938
85%
Hersfeld-Rotenburg Bad Hersfeld 30.846
77%
Groß-Gerau Rüsselsheim am Main 65.627
77%
Lahn-Dill-Kreis Wetzlar 54.665
77%
Hersfeld-Rotenburg Rotenburg an der Fulda 12.937
72%
Bergstraße Bensheim 41.124
69%
Waldeck-Frankenberg Waldeck 6.905
69%
Darmstadt-Dieburg Dieburg 15.798
67%
Hochtaunuskreis Bad Homburg vor der Höhe 56.688
64%
Waldeck-Frankenberg Frankenberg (Eder) 17.635
64%
Bergstraße Heppenheim (Bergstraße) 27.864
62%
Kassel Baunatal 27.929
59%
Wetteraukreis Friedberg (Hessen) 30.409
59%
Rheingau-Taunus-Kreis Taunusstein 30.145
59%
Wetteraukreis Bad Nauheim 32.894
56%
Offenbach Dreieich 41.692
56%
Limburg-Weilburg Weilburg 12.992
56%
Marburg-Biedenkopf Biedenkopf 12.969
54%
Hochtaunuskreis Oberursel (Taunus) 46.736
54%
Werra-Meißner-Kreis Eschwege 18.743
51%
Schwalm-Eder-Kreis Fritzlar 14.493
51%
Rheingau-Taunus-Kreis Idstein 25.736
51%
Waldeck-Frankenberg Korbach 22.901
51%
Bergstraße Lampertheim 32.400
51%
Offenbach Langen (Hessen) 38.785
51%
Offenbach Rodgau 45.277
51%
Rheingau-Taunus-Kreis Rüdesheim am Rhein 9.879
51%
Bergstraße Viernheim 34.426
51%
Wetteraukreis Bad Vilbel 35.961
49%
Odenwaldkreis Michelstadt 15.396
49%
Offenbach Neu-Isenburg 37.926
49%
Darmstadt-Dieburg Pfungstadt 25.415
49%
Darmstadt-Dieburg Weiterstadt 26.583
49%
Odenwaldkreis Erbach 13.935
46%
Main-Kinzig-Kreis Gelnhausen 23.290
46%
Main-Taunus-Kreis Hofheim im Taunus 39.259
46%
Gießen Lich 14.167
46%
Bergstraße Lorsch 14.283
46%
Offenbach Seligenstadt 21.298
46%
Vogelsbergkreis Alsfeld 15.307
44%
Wetteraukreis Butzbach 27.046
44%
Main-Kinzig-Kreis Maintal 38.937
44%
Schwalm-Eder-Kreis Melsungen 13.994
44%
Marburg-Biedenkopf Neustadt (Hessen) 9.316
44%
Lahn-Dill-Kreis Dillenburg 22.974
41%
Hochtaunuskreis Friedrichsdorf 25.871
41%
Groß-Gerau Mörfelden-Walldorf 31.638
41%
Main-Kinzig-Kreis Bad Orb 9.934
38%
Main-Taunus-Kreis Bad Soden am Taunus 23.103
38%
Main-Kinzig-Kreis Bad Soden-Salmünster 13.719
38%
Hersfeld-Rotenburg Bebra 12.945
38%
Wetteraukreis Büdingen 22.411
38%
Bergstraße Bürstadt 17.804
38%
Offenbach Dietzenbach 35.561
38%
Darmstadt-Dieburg Griesheim 29.309
38%
Kassel Hofgeismar 14.439
38%
Groß-Gerau Kelsterbach 16.622
38%
Wetteraukreis Nidda 17.060
38%
Waldeck-Frankenberg Bad Wildungen 17.364
36%
Rheingau-Taunus-Kreis Eltville am Rhein 17.031
36%
Main-Taunus-Kreis Eschborn 22.403
36%
Darmstadt-Dieburg Groß-Umstadt 21.245
36%
Lahn-Dill-Kreis Herborn 20.421
36%
Schwalm-Eder-Kreis Homberg (Efze) 14.703
36%
Vogelsbergkreis Homberg (Ohm) 6.973
36%
Main-Kinzig-Kreis Langenselbold 14.440
36%
Bergstraße Neckarsteinach 3.828
36%
Groß-Gerau Riedstadt 23.146
36%
Werra-Meißner-Kreis Witzenhausen 15.132
36%
Werra-Meißner-Kreis Bad Sooden-Allendorf 8.141
33%
Main-Taunus-Kreis Flörsheim am Main 21.344
33%
Main-Taunus-Kreis Hattersheim am Main 28.467
33%
Fulda Hünfeld 16.955
33%
Vogelsbergkreis Lauterbach (Hessen) 13.047
33%
Offenbach Mühlheim am Main 29.194
33%
Main-Kinzig-Kreis Schlüchtern 15.723
33%
Main-Taunus-Kreis Schwalbach am Taunus 15.443
33%
Schwalm-Eder-Kreis Schwalmstadt 18.420
33%
Marburg-Biedenkopf Stadtallendorf 21.425
33%
Main-Kinzig-Kreis Wächtersbach 12.731
33%
Bergstraße Zwingenberg 7.283
33%
Waldeck-Frankenberg Bad Arolsen 16.050
31%
Limburg-Weilburg Bad Camberg 14.268
31%
Groß-Gerau Ginsheim-Gustavsburg 16.488
31%
Main-Taunus-Kreis Hochheim am Main 18.422
31%
Wetteraukreis Karben 22.600
31%
Main-Taunus-Kreis Kelkheim (Taunus) 28.175
31%
Hochtaunuskreis Königstein im Taunus 16.680
31%
Hochtaunuskreis Kronberg im Taunus 18.671
31%
Main-Kinzig-Kreis Nidderau 20.119
31%
Groß-Gerau Raunheim 15.297
31%
Offenbach Rödermark 28.753
31%
Vogelsbergkreis Schotten 9.641
31%
Main-Kinzig-Kreis Steinau an der Straße 10.189
31%
Kassel Vellmar 17.663
31%
Darmstadt-Dieburg Babenhausen 17.695
28%
Odenwaldkreis Bad König 9.508
28%
Rheingau-Taunus-Kreis Bad Schwalbach 11.532
28%
Fulda Gersfeld (Rhön) 5.352
28%
Lahn-Dill-Kreis Haiger 18.888
28%
Werra-Meißner-Kreis Hessisch Lichtenau 12.337
28%
Bergstraße Hirschhorn (Neckar) 3.482
28%
Gießen Lollar 10.222
28%
Rheingau-Taunus-Kreis Oestrich-Winkel 11.443
28%
Hochtaunuskreis Steinbach (Taunus) 10.856
28%
Lahn-Dill-Kreis Braunfels 11.045
26%
Groß-Gerau Gernsheim 10.685
26%
Offenbach Heusenstamm 19.312
26%
Gießen Linden 13.308
26%
Rheingau-Taunus-Kreis Lorch 3.780
26%
Darmstadt-Dieburg Ober-Ramstadt 15.078
26%
Offenbach Obertshausen 25.316
26%
Werra-Meißner-Kreis Sontra 7.466
26%
Hochtaunuskreis Usingen 15.683
26%
Marburg-Biedenkopf Wetter (Hessen) 8.867
26%
Schwalm-Eder-Kreis Borken (Hessen) 12.268
23%
Main-Kinzig-Kreis Bruchköbel 20.509
23%
Rheingau-Taunus-Kreis Geisenheim 11.369
23%
Gießen Grünberg 13.683
23%
Marburg-Biedenkopf Kirchhain 16.254
23%
Wetteraukreis Rosbach vor der Höhe 13.084
23%
Vogelsbergkreis Schlitz 9.271
23%
Lahn-Dill-Kreis Solms 13.579
23%
Lahn-Dill-Kreis Aßlar 14.482
21%
Kassel Bad Karlshafen 3.373
21%
Main-Taunus-Kreis Eppstein 13.070
21%
Schwalm-Eder-Kreis Felsberg 10.535
21%
Limburg-Weilburg Hadamar 13.082
21%
Odenwaldkreis Oberzent 9.429
21%
Gießen Pohlheim 17.677
21%
Wetteraukreis Reichelsheim (Wetterau) 6.961
21%
Fulda Tann (Rhön) 4.492
21%
Kassel Trendelburg 4.755
21%
Werra-Meißner-Kreis Wanfried 4.050
21%
Gießen Allendorf (Lumda) 3.824
18%
Waldeck-Frankenberg Diemelstadt 5.186
18%
Main-Kinzig-Kreis Erlensee 15.907
18%
Wetteraukreis Florstadt 9.097
18%
Wetteraukreis Gedern 6.709
18%
Wetteraukreis Niddatal 9.861
18%
Limburg-Weilburg Runkel 9.543
18%
Gießen Staufenberg 8.291
18%
Kassel Wolfhagen 12.582
18%
Marburg-Biedenkopf Amöneburg 4.972
15%
Gießen Hungen 12.754
15%
Kassel Liebenau 2.880
15%
Bergstraße Lindenfels 5.059
15%
Wetteraukreis Münzenberg 5.663
15%
Kassel Naumburg 4.935
15%
Hochtaunuskreis Neu-Anspach 14.342
15%
Schwalm-Eder-Kreis Neukirchen 6.782
15%
Vogelsbergkreis Romrod 2.574
15%
Schwalm-Eder-Kreis Spangenberg 5.967
15%
Vogelsbergkreis Ulrichstein 2.728
15%
Waldeck-Frankenberg Volkmarsen 6.535
15%
Marburg-Biedenkopf Gladenbach 12.415
13%
Kassel Grebenstein 5.358
13%
Werra-Meißner-Kreis Großalmerode 6.090
13%
Schwalm-Eder-Kreis Gudensberg 9.925
13%
Kassel Immenhausen 7.078
13%
Gießen Laubach 9.699
13%
Lahn-Dill-Kreis Leun 5.715
13%
Darmstadt-Dieburg Reinheim 16.503
13%
Schwalm-Eder-Kreis Schwarzenborn 1.086
13%
Kassel Zierenberg 6.203
13%
Waldeck-Frankenberg Battenberg (Eder) 5.450
10%
Waldeck-Frankenberg Gemünden (Wohra) 3.606
10%
Hersfeld-Rotenburg Heringen (Werra) 6.669
10%
Wetteraukreis Ortenberg 8.423
10%
Werra-Meißner-Kreis Waldkappel 4.052
10%
Odenwaldkreis Breuberg 7.196
8%
Waldeck-Frankenberg Frankenau 2.782
8%
Vogelsbergkreis Grebenau 2.273
8%
Darmstadt-Dieburg Groß-Bieberau 4.562
8%
Vogelsbergkreis Herbstein 4.583
8%
Vogelsbergkreis Kirtorf 3.072
8%
Waldeck-Frankenberg Lichtenfels 4.051
8%
Schwalm-Eder-Kreis Niedenstein 5.570
8%
Marburg-Biedenkopf Rauschenberg 4.463
8%
Waldeck-Frankenberg Rosenthal 2.051
5%
Waldeck-Frankenberg Hatzfeld (Eder) 2.865
3%
Keine übereinstimmenden Quizze gefunden
Verteilung der Resultate
Anzahl Personen mit jedem Resultat
Perzentil nach korrekt beantworteten Fragen
Ihre Resultats-Entwicklung
Sie haben dieses Quiz noch nicht gespielt